<?xml version="1.0" encoding="UTF-8"?>
<marc:record xmlns:marc="http://www.loc.gov/MARC21/slim">
   <marc:leader>00000nam a2200000 a 4500</marc:leader>
   <marc:datafield ind1="1" ind2=" " tag="100">
      <marc:subfield code="a">Hill, Jenna Miscavige</marc:subfield>
      <marc:subfield code="4">aut</marc:subfield>
      <marc:subfield code="e">Verfasser/-in</marc:subfield>
   </marc:datafield>
   <marc:datafield ind1=" " ind2=" " tag="653">
      <marc:subfield code="a">Leben</marc:subfield>
   </marc:datafield>
   <marc:datafield ind1=" " ind2=" " tag="653">
      <marc:subfield code="a">Scientology</marc:subfield>
   </marc:datafield>
   <marc:datafield ind1=" " ind2=" " tag="653">
      <marc:subfield code="a">Flucht</marc:subfield>
   </marc:datafield>
   <marc:datafield ind1="0" ind2="0" tag="245">
      <marc:subfield code="a">Mein geheimes Leben bei Scientology und meine dramatische Flucht</marc:subfield>
   </marc:datafield>
   <marc:datafield ind1=" " ind2="1" tag="264">
      <marc:subfield code="b">btb</marc:subfield>
      <marc:subfield code="c">2013</marc:subfield>
   </marc:datafield>
   <marc:datafield ind1="1" ind2=" " tag="520">
      <marc:subfield code="a">Ein äußerst persönliches Buch mitten aus dem Zentrum der Scientology: Jenna Miscavige Hill, die Nichte des derzeitigen Scientology-Chefs David Miscavige, seit ihrem vierten Lebensjahr Scientologin, enthüllt die befremdlichen und verstörenden Details ihrer Kindheit, gibt einen erschütternden Einblick in ihre Erfahrungen im Machtzentrum der Organisation und legt die Überzeugungen, Rituale und Geheimnisse dieser Organisation offen. In ihrer sehr spannend zu lesenden Biografie erfährt man so quasi nebenbei die wichtigen Informationen über Scientology. Daher kann es gerade für Schüler/innen als eine gute Arbeitsgrundlage dienen (allerdings muss man fast 500 Seiten durchschmökern – die aber sicher nicht langweilig werden!) –mf–  (2014) </marc:subfield>
   </marc:datafield>
   <marc:datafield ind1=" " ind2=" " tag="020">
      <marc:subfield code="a">9783442754106</marc:subfield>
      <marc:subfield code="9">9783442754106</marc:subfield>
   </marc:datafield>
</marc:record>
